000 00504nam a22001697a 4500
005 20251108173445.0
008 250721s2007 xx 000 0 ara d
082 1 4 _a658.409/معا
100 1 _aالمعايطه، سالم
245 1 0 _aالوجيز في القيادة الإدارية /
264 1 _aعمان :
_bمؤسسة البلسم للنشر والتوزيع،
_c2007.
300 _a226ص.
650 1 7 _aالقيادة
650 1 7 _aالإدارة
942 _2ddc
_cBK
999 _c104330
_d104330